| 000 | 00338nam a22001457a 4500 | ||
|---|---|---|---|
| 003 | SGT | ||
| 020 | _a8189635107 | ||
| 082 | _a205.6242,SIN | ||
| 100 | _aDR SINGH T.D. | ||
| 245 | _aTHE SCIENCE OF INTER RELIGIOUS DIALOGUE | ||
| 260 |
_aKOLKATA _bBHAKTIVEDANTA INSTITUTE _c2011 |
||
| 300 | _a58 | ||
| 650 | _aReligion | ||
| 942 |
_2ddc _cBK |
||
| 999 |
_c23404 _d23404 |
||